000 00648nam a2200169 a 4500
001 ASIN0891000755
005 20140611042608.0
008 140611s1979 xxu eng d
020 _a0891000755 (paperback)
_c$16.95
020 _a9780891000754 (paperback)
100 1 _aCrane, Dale.
245 1 0 _aAircraft reciprocating engines :
_ban aviation maintenance publishers, inc. training manual /
_cDale Crane.
260 _a[S.l.] :
_bAviation Maintenance Pub,
_c1983.
300 _a113 p. ;
_c27 cm.
520 _aAviation Technician Training Course EA-ARE.
856 4 0 _3Amazon.com
_uhttp://www.amazon.com/exec/obidos/ASIN/0891000755/chopaconline-20
999 _c6091
_d6091